00965cam a2200265 i 4500001000300000003000900003005001700012008003900029015001800068040003500086080000800121080001200129100003300141245007800174250001700252260003400269300005100303490006900354504001400423655003000437650002400467710005800491830005200549856009800601bgKOSZ 00520220125124832.0010816s2001 pl a f f |000 0 pol aPB 2001/13545 aWA NcKOSZ 005/HRdKOSZ 005/HR a532 a(075.8)1 aLubczyńska, UrszulaeAutor10aHydraulika stosowana w inżynierii środowiska /cUrszula Lubczyńska. aWyd. 5 popr. aKielce :bWydaw. PŚ,c2001. a270 s., [2] k. tabl. złoż. :bil. ;c24 cm.1 aSkrypt / [Politechnika Świętokrzyska],x0239-6386 ;vnr 360. aBibliogr. 4aPodręczniki akademickie 4aMechanika płynów2 aWydawnictwo Politechniki Świętokrzyskiejb 4pbl. 0aSkrypty - Politechnika Świętokrzyska,v360. uhttp://koha.tu.koszalin.pl/cgi-bin/koha/opac-detail.pl?biblionumber=40016yKatalog online BPK